000
00216nam a2200097Ia 4500
008
190216s9999||||xx |||||||||||||| ||und||
100
_a
Dharm Pal
245
0
_a
Hindi-Gad Sourav
260
_b
Vrindavan Pub
942
_c
BK
999
_c
15417
_d
15417